[Event "Novosibirsk CC-ch"]
[Site "Novosibirsk"]
[Date "2007.01.20"]
[Round "6"]
[White "Bublei, Pavel"]
[Black "Tretyakov, Vladimir"]
[Result "1-0"]
[WhiteElo "2055"]
[BlackElo "1981"]
[PlyCount "81"]
[EventDate "2007.01.14"]
[EventType "swiss"]
[EventRounds "11"]
[EventCountry "RUS"]
[SourceTitle "EXT 2010"]
[Source "ChessBase"]
[SourceDate "2010.11.25"]
[SourceVersion "1"]
[SourceVersionDate "2010.11.25"]
[SourceQuality "1"]

1. d4 d5 2. c4 e6 3. Nc3 Nf6 4. Bg5 Bb4 5. e3 0-0 6. Bd3 c6 7. Nge2 Nbd7 8. cxd5 exd5 9. 0-0 h6 10. Bh4 Bd6 11. Qc2 Re8 12. Bg3 Nf8 13. Rab1 a5 14. Qd2 b5 15. f3 b4 16. Na4 Bxg3 17. Nxg3 Be6 18. b3 Qd6 19. Rbc1 N8d7 20. Bb1 g6 21. e4 dxe4 22. fxe4 Ng4 23. Rcd1 Nf8 24. e5 Qe7 25. h3 Qh4 26. Ne2 Rad8 27. hxg4 Bxg4 28. Qf4 f5 29. Bd3 Kg7 30. Nc5 Qe7 31. Rd2 h5 32. Qf2 h4 33. Bc4 Qg5 34. Nf4 h3 35. Nce6+ Nxe6 36. Nxe6+ Rxe6 37. Bxe6 Rh8 38. Rd3 hxg2 39. Qxg2 Qh5 40. Rg3 Be2 41. Rxf5 1-0

[Event "Novosibirsk CC-ch"]
[Site "Novosibirsk"]
[Date "2007.01.16"]
[Round "2"]
[White "Tsygankov, Dmitry"]
[Black "Tretyakov, Vladimir"]
[Result "1-0"]
[WhiteElo "2073"]
[BlackElo "1981"]
[PlyCount "75"]
[EventDate "2007.01.14"]
[EventType "swiss"]
[EventRounds "11"]
[EventCountry "RUS"]
[SourceTitle "EXT 2010"]
[Source "ChessBase"]
[SourceDate "2010.11.25"]
[SourceVersion "1"]
[SourceVersionDate "2010.11.25"]
[SourceQuality "1"]

1. d4 d5 2. Nf3 Nf6 3. c4 e6 4. Nc3 Be7 5. Bg5 0-0 6. e3 c6 7. Qc2 Nbd7 8. Rd1 b6 9. cxd5 exd5 10. Bd3 h6 11. Bf4 Re8 12. 0-0 Nh5 13. Be5 Nf8 14. e4 f6 15. Bg3 Nxg3 16. hxg3 Be6 17. exd5 cxd5 18. Rfe1 Bd6 19. Qb3 a5 20. Bb5 Re7 21. Bc6 a4 22. Nxa4 Ra5 23. Nc3 Kh8 24. Re3 Bc7 25. Qc2 Qd6 26. Nb5 Qd8 27. b4 Ra6 28. Bb7 Ra7 29. Nxa7 Bd6 30. Nc6 Qc7 31. Ba6 Rd7 32. Bd3 Bg4 33. Rc1 Bh5 34. Bf5 Rf7 35. Nh4 g5 36. Ng6+ Kg7 37. Nxf8 Rxf8 38. Rce1 1-0